Phraseology in Foreign Language Learning and Teaching
Guardado en:
| Otros Autores: | , |
|---|---|
| Formato: | Libro |
| Lenguaje: | inglés |
| Publicado: |
Amsterdam
John Benjamins Publishing Company
2008
|
| Materias: | |
| Etiquetas: |
Sin Etiquetas, Sea el primero en etiquetar este registro!
|
MARC
| LEADER | 00000nam a2200000 4500 | ||
|---|---|---|---|
| 001 | 0246694 | ||
| 005 | 20240226134243.8 | ||
| 020 | |a 978-90-272-3267-0 | ||
| 020 | |a 978-90-272-3244-1 | ||
| 041 | 0 | |a eng | |
| 044 | |a NL | ||
| 245 | 1 | 0 | |a Phraseology in Foreign Language Learning and Teaching |c Edited by: Fanny Meunier, Sylviane Granger |
| 264 | 1 | |a Amsterdam |b John Benjamins Publishing Company |c 2008 | |
| 300 | |a 259 s. | ||
| 610 | 2 | 0 | |a jazykoveda |
| 610 | 2 | 0 | |a terminológia |
| 610 | 2 | 0 | |a jazyky cudzie |
| 610 | 2 | 0 | |a vyučovanie |
| 610 | 2 | 0 | |a vzdelávanie |
| 610 | 2 | 0 | |a frazeológia |
| 700 | 1 | |a Meunier, Fanny | |
| 700 | 1 | |a Granger, Sylviane | |